Statistics for Countries Beginning with a Vowel

Click here to take the quiz!

General Stats

  • This quiz has been taken 19 times
  • The average score is 28 of 35

Answer Stats

% Correct
Austria
93%
Ecuador
93%
United States
93%
United Kingdom
93%
Oman
93%
India
93%
Australia
93%
Indonesia
93%
Albania
87%
Eritrea
87%
Ireland
87%
Uzbekistan
87%
Azerbaijan
87%
Iceland
87%
Armenia
87%
Uganda
87%
Ethiopia
87%
Italy
80%
Uruguay
80%
Afghanistan
80%
East Timor
80%
Angola
80%
Equatorial Guinea
73%
El Salvador
73%
Iran
73%
Iraq
73%
Antigua and Barbuda
73%
Andorra
73%
Algeria
73%
Estonia
73%
Egypt
67%
Argentina
67%
Ukraine
67%
United Arab Emirates
67%
Israel
60%

Score Distribution

Percentile by Number Answered

Percent of People with Each Score

Your Score History

You have not taken this quiz